000 00252nam a22001097a 4500
082 _a621.381 EGG'I
100 _aEGGLETON, C. W
_977770
245 _aINDUSTRIAL ELECTRONICS TEACH YOURSEL
260 _aLONDON
_bEUP
_c1969
300 _a184P
942 _cBK
999 _c582989
_d582989